|
|
|
|
| LEADER |
00781nab a2200205 i 4500 |
| 001 |
misc27219 |
| 005 |
20191111110329.0 |
| 008 |
171003s1971 hu o 0|| zxx d |
| 040 |
|
|
|a SZTE Miscellanea Repozitórium
|b hun
|
| 041 |
|
|
|a zxx
|
| 100 |
1 |
|
|a Mignon Michel
|
| 245 |
1 |
0 |
|a Stimulation des sécrétions gastriques acide et peptique par administration intraveineuse lente de 2-d.d.g chez le chien
|h [elektronikus dokumentum] /
|c Mignon Michel
|
| 260 |
|
|
|c 1971
|
| 300 |
|
|
|a 317-324
|
| 490 |
0 |
|
|a Kolligátum
|
| 695 |
|
|
|a Kísérleti állatok, Gyógyszerhatástan, Gyomorszekréció, Gyomor - élettan
|
| 700 |
0 |
1 |
|a Varró Vince
|e aut
|
| 700 |
0 |
1 |
|a Vatier Jean
|e aut
|
| 700 |
0 |
1 |
|a Bonfils Serge
|e aut
|
| 856 |
4 |
0 |
|u http://misc.bibl.u-szeged.hu/27219/1/020_002_317-324.pdf
|z Dokumentum-elérés
|